<?xml version="1.0" encoding="UTF-8"?><?xml-stylesheet type="text/xsl" href="static/style.xsl"?><OAI-PMH xmlns="http://www.openarchives.org/OAI/2.0/" xmlns:xsi="http://www.w3.org/2001/XMLSchema-instance" xsi:schemaLocation="http://www.openarchives.org/OAI/2.0/ http://www.openarchives.org/OAI/2.0/OAI-PMH.xsd"><responseDate>2026-04-13T15:14:36Z</responseDate><request verb="GetRecord" identifier="oai:www.recercat.cat:2445/104557" metadataPrefix="marc">https://recercat.cat/oai/request</request><GetRecord><record><header><identifier>oai:recercat.cat:2445/104557</identifier><datestamp>2025-12-04T21:17:35Z</datestamp><setSpec>com_2072_1057</setSpec><setSpec>col_2072_478783</setSpec><setSpec>col_2072_478917</setSpec></header><metadata><record xmlns="http://www.loc.gov/MARC21/slim" xmlns:dcterms="http://purl.org/dc/terms/" xmlns:xsi="http://www.w3.org/2001/XMLSchema-instance" xmlns:doc="http://www.lyncode.com/xoai" xsi:schemaLocation="http://www.loc.gov/MARC21/slim http://www.loc.gov/standards/marcxml/schema/MARC21slim.xsd">
   <leader>00925njm 22002777a 4500</leader>
   <datafield ind2=" " ind1=" " tag="042">
      <subfield code="a">dc</subfield>
   </datafield>
   <datafield ind2=" " ind1=" " tag="720">
      <subfield code="a">Karjalainen, Katja</subfield>
      <subfield code="e">author</subfield>
   </datafield>
   <datafield ind2=" " ind1=" " tag="260">
      <subfield code="c">2016-12-09T10:45:15Z</subfield>
   </datafield>
   <datafield ind2=" " ind1=" " tag="260">
      <subfield code="c">2016-12-09T10:45:15Z</subfield>
   </datafield>
   <datafield ind2=" " ind1=" " tag="260">
      <subfield code="c">2016</subfield>
   </datafield>
   <datafield ind2=" " ind1=" " tag="520">
      <subfield code="a">[spa]  La protección internacional de los adultos es un tema importante hoy en día. La población de los países europeos envejece y también es más móvil que nunca. En este escrito se reflexiona sobre el tema de la protección de los adultos desde el punto de vista de la Unión Europea. En este contexto hay que tomar en consideración las razones que la UE tiene para regular el tema, enfoques de competencia interna y&#xd;
externa que la UE tiene en el área y especialmente el Convenio de la Haya 2000 sobre Protección Internacional de los Adultos.</subfield>
   </datafield>
   <datafield ind2=" " ind1=" " tag="520">
      <subfield code="a">[eng] Cross-border protection of adults is more important than ever before in the aging and mobile society. This paper contemplates the question of international protection of adults from the perspective of the European Union. In this context it is important to note the reasons behind the possible EU measures, challenges related to internal and external competence and especially the 2000 Convention on International&#xd;
Protection of Adults which was drafted by the Hague Conference.</subfield>
   </datafield>
   <datafield tag="653" ind2=" " ind1=" ">
      <subfield code="a">Dret internacional privat</subfield>
   </datafield>
   <datafield tag="653" ind2=" " ind1=" ">
      <subfield code="a">Unió Europea</subfield>
   </datafield>
   <datafield tag="653" ind2=" " ind1=" ">
      <subfield code="a">Persones grans</subfield>
   </datafield>
   <datafield tag="653" ind2=" " ind1=" ">
      <subfield code="a">International private law</subfield>
   </datafield>
   <datafield tag="653" ind2=" " ind1=" ">
      <subfield code="a">European Union</subfield>
   </datafield>
   <datafield tag="653" ind2=" " ind1=" ">
      <subfield code="a">Older people</subfield>
   </datafield>
   <datafield ind2="0" ind1="0" tag="245">
      <subfield code="a">Ancianos, movilidad y derecho internacional privado. El punto de vista de la Union Europea</subfield>
   </datafield>
   <datafield ind2="0" ind1="0" tag="245">
      <subfield code="a">Elderly people, mobility and international private law. The point of view of the European Union</subfield>
   </datafield>
</record></metadata></record></GetRecord></OAI-PMH>